<?xml version="1.0" encoding="UTF-8"?>
<record
    xmlns:xsi="http://www.w3.org/2001/XMLSchema-instance"
    xsi:schemaLocation="http://www.loc.gov/MARC21/slim http://www.loc.gov/standards/marcxml/schema/MARC21slim.xsd"
    xmlns="http://www.loc.gov/MARC21/slim">

  <leader>00582nam a2200193 a 4500</leader>
  <controlfield tag="001">5990</controlfield>
  <controlfield tag="003">CDMR</controlfield>
  <controlfield tag="005">20151026133603.0</controlfield>
  <controlfield tag="008">130220s2004||||||||||||||||||||||||||||d</controlfield>
  <datafield tag="040" ind1=" " ind2=" ">
    <subfield code="a">CDMR</subfield>
    <subfield code="b">cat</subfield>
    <subfield code="c">CDMR</subfield>
  </datafield>
  <datafield tag="100" ind1="1" ind2=" ">
    <subfield code="a">C&#xF3;ppulo, S&#xED;lvia</subfield>
    <subfield code="9">2995</subfield>
  </datafield>
  <datafield tag="245" ind1="1" ind2="0">
    <subfield code="a">Com neix Comr&#xE0;dio</subfield>
    <subfield code="b">: el naixement d'un model nou de xarxa local de r&#xE0;dio (1993-96)</subfield>
    <subfield code="c">S&#xED;lvia C&#xF3;ppulo</subfield>
  </datafield>
  <datafield tag="260" ind1=" " ind2=" ">
    <subfield code="a">Barcelona</subfield>
    <subfield code="c">2004</subfield>
  </datafield>
  <datafield tag="300" ind1=" " ind2=" ">
    <subfield code="a">2 v. ;</subfield>
    <subfield code="c">22 cm</subfield>
  </datafield>
  <datafield tag="610" ind1="2" ind2=" ">
    <subfield code="9">3651</subfield>
    <subfield code="a">COMR&#xE0;dio</subfield>
  </datafield>
  <datafield tag="650" ind1="0" ind2="4">
    <subfield code="a">R&#xE0;dio local</subfield>
    <subfield code="9">3756</subfield>
    <subfield code="z">Catalunya</subfield>
  </datafield>
  <datafield tag="650" ind1="0" ind2="4">
    <subfield code="9">2994</subfield>
    <subfield code="a">Tesis i dissertacions acad&#xE8;miques</subfield>
  </datafield>
  <datafield tag="942" ind1=" " ind2=" ">
    <subfield code="c">MON</subfield>
    <subfield code="2">ddc</subfield>
  </datafield>
  <datafield tag="999" ind1=" " ind2=" ">
    <subfield code="c">5990</subfield>
    <subfield code="d">5990</subfield>
  </datafield>
  <datafield tag="952" ind1=" " ind2=" ">
    <subfield code="0">0</subfield>
    <subfield code="1">0</subfield>
    <subfield code="4">0</subfield>
    <subfield code="7">0</subfield>
    <subfield code="a">CDMR</subfield>
    <subfield code="b">CDMR</subfield>
    <subfield code="d">2013-02-20</subfield>
    <subfield code="l">1</subfield>
    <subfield code="o">Eu /16</subfield>
    <subfield code="p">CDMR13107901A</subfield>
    <subfield code="r">2018-11-21</subfield>
    <subfield code="s">2018-11-14</subfield>
    <subfield code="t">Vol. 1</subfield>
    <subfield code="w">2013-02-20</subfield>
  </datafield>
  <datafield tag="952" ind1=" " ind2=" ">
    <subfield code="0">0</subfield>
    <subfield code="1">0</subfield>
    <subfield code="4">0</subfield>
    <subfield code="7">1</subfield>
    <subfield code="a">CDMR</subfield>
    <subfield code="b">CDMR</subfield>
    <subfield code="d">2013-02-20</subfield>
    <subfield code="l">0</subfield>
    <subfield code="o">Eu /17</subfield>
    <subfield code="p">CDMR13107902B</subfield>
    <subfield code="r">2013-02-20</subfield>
    <subfield code="t">Vol. 2</subfield>
    <subfield code="w">2013-02-20</subfield>
    <subfield code="y">TSN</subfield>
  </datafield>
</record>
